000 00536nam a2200205Ia 4500
005 20250508170235.0
008 008 250505s9999 xx 000 0 eng d
020 _a978-1-5297-2503-2
037 _aTextual
040 _aFEDL
_beng
_cFEDL
041 _aeng
_2eng
084 _a370, AGH
_qFEDL
100 _aAghav D B
245 0 _aGandhi, Nehru and Tagore
260 _aKanpur, India
_bChandralok Prakashan
_c2012
300 _a304p.
365 _aINR
_b975
942 _cTEXL
_h370, AGH
999 _c1399979
_d1399979